[Event "E World Team Championship Pool"]
[Site "Jerusalem"]
[Date "2022.11.21"]
[Round "4"]
[White "Wojtaszek, Radoslaw"]
[Black "Radjabov, Teimour"]
[Result "1-0"]
[WhiteElo "2686"]
[BlackElo "2747"]
[EventDate "2022.??.??"]
[Annotator "rafael"]
[PlyCount "63"]
[Beauty "8248484742694"]
[EventType "game"]
[EventCountry "ISR"]

1.c4 Nf6 2.Nc3 e5 3.Nf3 Nc6 4.g3 d5 5.cxd5 Nxd5 6.Bg2 Bc5 {This variation has become popular since Caruana used it in his 2018 match against Carlsen. Of course there is nothing wrong with the main line, 6...Nb6.} 7.O-O O-O 8.Qc2 $5 {A new try. This move was played by Carlsen in a rapid game this year.} ( 8.d3 {was Carlsen's choice in two games from the world championship match against Caruana. Both games ended in a draw.} ) 8...Nd4 $5 {The game quickly goes down little-trodden paths.} ( 8...Nf6 9.a3 Bb6 10.e3 a5 11.b3 Bg4 12.Bb2 {With chances for both sides. Carlsen-Le, Airthings Masters 2022.} ) 9.Qe4 {The first new move.} ( 9.Nxd4 {This move was played in a blitz game.} 9...Nb4 10.Qb1 exd4 11.Ne4 Bb6 12.a3 Nd5 {with a roughly equal position in Sarana-Lazavik Chess.com 2022.} ) 9...Nxc3 10.dxc3 Nxf3+ 11.exf3 $1 {The precise way to capture. Otherwise Black can try a plan with f5-e4, gaining space. Now White can press on the e-file and play f3-f4 at some point.} ( 11.Bxf3 Bd6 {Followed by f5-e4.} ) ( 11.Qxf3 Qe7 {Black has a comfortable position.} ) 11...Re8 12.Re1 c6 13.f4 ( 13.Be3 {is more cautious. The position is equal after} 13...Bf8 $1 14.f4 exf4 15.Qxf4 Be6 ) 13...Qb6 $1 {Now it's not so easy to protect the f2-pawn.} 14.Be3 {The exchange of the b2-pawn for the e5-pawn leaves the position unbalanced and sharp.} ( 14.Re2 $6 Bg4 $1 ) 14...Bxe3 15.Qxe3 Qxb2 16.fxe5 Bf5 $1 {An important move, developing the bishop and controlling the b1-square, preventing one of the rooks from threatening the black queen.} 17.a4 {Gaining space on the queenside and removing the pawn from a potential capture by the opponent's queen.} 17...f6 18.f4 Rad8 ( 18...fxe5 {is slightly more accurate, since it avoids the intermediate check we will see in the game.} 19.fxe5 Rad8 20.Bf1 Kh8 {Black has a good position.} ) 19.Bf1 fxe5 20.Bc4+ $5 Be6 $6 {This is not the best. The game finishes in perpetual check after the correct} ( 20...Kh8 $1 21.fxe5 Rd2 22.Ra2 $1 Rg2+ 23.Kh1 ( 23.Kf1 $2 {leads to disaster after} 23...Bd3+ $1 24.Bxd3 Rf8+ ) 23...Rxh2+ 24.Kg1 Rg2+ ) 21.Rab1 $1 {Now the position is dangerous for Black.} 21...Qc2 22.Bxe6+ Rxe6 23.Rxb7 Rh6 {The most natural move, especially in a rapid game. Computer analysis shows many subtleties in this position and it would be impossible to calculate everything in such a short time. To begin with, the best moves according to the machine, 23...a5 or 23...h6, are very difficult to play.} ( 23...Rd2 $2 {This loses after} 24.Qxa7 Rg2+ 25.Kf1 ) ( 23...Qxa4 $2 {also loses:} 24.f5 Rf6 25.Qg5 $1 {with a mating attack.} ) ( 23...h6 $5 {This is a computer move that only the most brilliant human minds can understand (not my case).} ) ( 23...a5 $1 {This one I can understand. Black loses the e-pawn but has some compensation due to his active pieces.} 24.fxe5 Rf8 ) 24.Rxg7+ $6 {This looks like a winning tactical shot, but actually it's not the best move. To prove this, however, requires machine-like precision.} ( 24.h4 $1 Rd3 {This looks scary, but White gets an advantage after some interesting complications.} ( 24...exf4 $4 25.Qe8+ Rxe8 26.Rxe8# ) ( 24...Qg6 $5 25.f5 $1 ( 25.fxe5 Rxh4 26.e6 Rg4 $1 {and Black is in time to generate counterplay.} ) 25...Qxf5 26.Qxe5 Qxe5 27.Rxe5 {with a better endgame for White.} ) 25.Rb8+ Kf7 26.Qxa7+ Kg6 27.f5+ Kh5 $1 {It's a pity that this brave king march doesn't get the deserved reward.} ( 27...Kxf5 $2 28.Qxg7 $18 Rg6 29.Qxe5+ Kg4 30.Re2 $1 {and somehow White defends everything and gets a winning position.} ) 28.Qf2 $1 ( 28.Qxg7 $2 {leads to a pretty win for Black after} 28...Rg6 $3 29.Qxh7+ ( 29.fxg6 Rxg3+ ) 29...Kg4 30.Qxg6+ Kh3 {What an epic counterattack $1 White cannot avoid mate.} ) 28...Qxf2+ ( 28...Qxc3 $2 29.g4+ $1 Kxg4 30.Re4+ Kh5 31.Qe2+ Rf3 32.Kg2 {and the rook is lost.} ) 29.Kxf2 Rxc3 30.Rg8 $1 {The endgame is winning for White.} ) ( 24.Re2 Rd1+ 25.Kg2 Qf5 26.Qxe5 Qh3+ 27.Kf3 Qf1+ 28.Ke3 Qg1+ 29.Kf3 Qf1+ ) 24...Kh8 $2 ( 24...Kxg7 $2 25.Qxe5+ Rf6 26.Qe7+ {White picks up the d8-rook and wins.} ) ( 24...Kf8 $1 {This precise move saves Black.} 25.h4 ( 25.Qc5+ Rdd6 ) 25...Rd1 $1 {This is the difference, compared to the game. This is the only saving move. The king is better placed on f8 than on h8.} 26.Qxe5 ( 26.Rb7 Rxe1+ 27.Qxe1 Rd6 $1 {This is actually dangerous for White now that the e5-pawn cannot be captured with check.} ) 26...Rxe1+ 27.Qxe1 Kxg7 28.Qe7+ Kg8 29.Qe8+ {with perpetual check.} ) 25.h4 {Now it's all over.} 25...Re6 ( 25...Rd1 26.Re7 {White wins because the black's king is poorly placed.} ) 26.Rg5 ( 26.Qxa7 {is also winning. The point is} 26...exf4 27.Rxh7+ $1 Qxh7 28.Qxh7+ Kxh7 29.Rxe6 ) 26...e4 27.f5 Re7 28.f6 Rf7 29.Qxe4 Qxc3 ( 29...Qxe4 30.Rxe4 Rxf6 31.Re7 {The endgame is hopeless for Black.} ) 30.Qe8+ Rf8 31.f7 $1 {A nice final tactical move.There is no defense to the threat of 32.Rg8+.} 31...Qd4+ 32.Kh1 1-0

[Event "Pool B | E World Team Championship"]
[Site "Jerusalem"]
[Date "2022.11.20"]
[Round "2.1"]
[White "Niemann, Hans Moke"]
[Black "Mamedyarov, Shakhriyar"]
[Result "0-1"]
[WhiteElo "2599"]
[BlackElo "2747"]
[EventDate "2022.??.??"]
[Annotator "Bojkov,Dejan"]
[PlyCount "114"]
[Beauty "6533781914687"]
[EventType "game"]
[EventCountry "ISR"]
[WhiteTeam "United States"]
[BlackTeam "Azerbaijan"]
[WhiteTeamCountry "USA"]
[BlackTeamCountry "AZE"]

1.e4 e5 2.Nf3 Nc6 3.Bb5 a6 4.Ba4 Nf6 5.O-O Nxe4 {Definitely not a surprise by Mamedyarov. The Open Ruy Lopez was his bread and butter long before he reached Niemann's age.} 6.d4 b5 7.Bb3 d5 8.dxe5 Be6 9.Nbd2 Nc5 10.Qe2 {And Niemann chooses a rare continuation in order to avoid the Azeri's heavy preparation.} ( {The main line remains} 10.c3 {and has been tested in numerous top-GM games, one recent example being} 10...d4 11.Bxe6 Nxe6 12.cxd4 Ncxd4 13.a4 Bb4 14.axb5 Nxb5 15.Qa4 c5 16.Nc4 O-O 17.Be3 Nbd4 18.Bxd4 Nxd4 19.Nxd4 Qxd4 {with White's serious edge in Giri,A (2764)-Le,Q (2728) chess24.com 2022} ) 10...g6 $5 {Taken by surprise Mamedyarov chooses \"an interesting sideline,\" at least according to Chessbase.} ( {The main continuation} 10...Be7 11.c3 O-O 12.Rd1 Qd7 13.Bc2 Bf5 14.Nf1 Bxc2 15.Qxc2 Qe6 {has been discussed recently in Vachier Lagrave,M (2784) -Anton Guijarro,D (2675) chess24.com 2020} ) 11.c3 {The most logical reply, and some thought.} 11...Bg7 {That's the point, but White is not too concerned about the pawn.} 12.Nd4 $1 Nxe5 13.f4 {The game has been opened in White's favor, and Niemann launches a nasty attack against the black king.} 13...Ned3 14.f5 {Anand, who was annotating for the official site, could not hide his amazement about Mamedyarov's opening choice. White has more than enough compensation for the pawn.} 14...Nxc1 $5 {Black was also burning time on his clock.} ( 14...gxf5 15.Nxf5 {does not seem great for the second player either.} ) 15.Raxc1 gxf5 16.Nxf5 Bf6 $146 {Aaaand, this is a novelty $1 But it is very likely that neither player was aware of it.} ( {An earlier game ended unhappily for Black:} 16...Rg8 17.Bc2 Kd7 18.Qe3 Qf8 19.b4 Nb7 20.Nb3 a5 21.Bd3 axb4 22.cxb4 Rxa2 23.Kh1 Bh8 24.Qf4 Qd8 25.Bxb5+ Kc8 26.Rf2 {1-0 Siebel,D (1945)-Herzog,K (1869) email 2014} ) 17.Bc2 {Niemann's desire to keep this piece alive is perfectly understandable. With the bishop on the b1-h7 diagonal, Black can never even think about castling short.} ( {On the other hand} 17.Rce1 $5 {might have been even better, as} 17...Nxb3 18.Nxb3 O-O {does not solve Black's problems. His position is leaking after} 19.Nbd4 Bxd4+ 20.Nxd4 Qg5 21.Rf3 Kh8 22.Qf2 $1 ) 17...Nd7 ( {After} 17...Qd7 {Anand quickly suggested the strongest reply} 18.Qe3 $1 ) 18.Nd4 {All of this looks logical, but actually releases the tension.} ( {Strong is} 18.Nb3 $1 {White likely was bothered by} 18...c5 {and then} 19.Rcd1 Qc7 20.Rxd5 $6 {indeed leads him nowhere due to} ( {However, there is an amazing computer move instead} 20.Ne3 $3 {and only after} 20...O-O-O ( {And} 20...Qe5 {would not defend Black due to} 21.Qf3 ) 21.Nxd5 Bxd5 22.Rxd5 {with huge, likely decisive advantage for White.} ) 20...O-O-O $1 ) ( {Moreover, the knight on f5 is so strong that the machine even suggests the prophylactic} 18.Kh1 $5 {instead when Black can barely do anything to improve his situation.} ) 18...Qe7 {Taking half a breath.} 19.Rce1 {This piece also stood too well to be moved.} ( {White would have preserved a serious edge with the accurate} 19.Rf2 $5 Bxd4 20.cxd4 O-O-O 21.Bd3 {and the black king is not perfectly safe.} ) 19...Bxd4+ 20.cxd4 O-O-O {The king escaped the guillotine, and it is anyone's game.} 21.Nb3 ( {More accurate seems} 21.a4 $5 Qb4 22.Nb3 $1 {when} 22...bxa4 {is met with} 23.Qxa6+ ) 21...Qd6 22.a4 bxa4 $1 {White might have underestimated this.} ( {Instead} 22...c6 {would have left Black suffering permanently on the dark squares after} 23.Qd2 Kb7 24.Na5+ Ka7 25.b4 ) 23.Na5 Qb6 {A double attack. The next moves are more or less forced.} ( {There is also the cunning} 23...Nc5 $5 24.Qe3 ( 24.dxc5 Qxc5+ ) 24...Nb7 {which would have traded the important attacker.} ) 24.Qd2 Rdg8 25.Bxa4 Rg4 {Both players are on the attack.} 26.Nc6 {As obvious as this move is, it is not optimal. The knight is too valuable to be traded easily.} ( {After} 26.Nb3 $1 Rhg8 27.Re2 Re4 {the game would have been unclear and approximately even.} ) 26...Nb8 $1 {That's the problem. White loses his stability and has to follow a forced sequence:} 27.h3 ( 27.Nxb8 $4 {loses on the spot due to} 27...Rxd4 ) 27...Nxc6 $1 {The best move. Mamedyarov wins two pawns for the exchange and opens all the windows into the enemy king's castle.} ( {Both} 27...Re4 28.Ne7+ Kb7 29.Rxe4 dxe4 30.Bc2 ) ( {And especially} 27...Rh4 28.Ne7+ Kd8 $2 ( 28...Kb7 29.Rd1 ) 29.Nf5 Bxf5 30.Qg5+ $1 {are favorable for White.} ) 28.hxg4 Nxd4 {After brief hesitation Black opts for the attack.} ( {It is way easier for White to play the endgame after} 28...Qxd4+ 29.Qxd4 Nxd4 30.Rf4 ) 29.Qe3 {Now White's king is slowly getting cold feet.} ( {Perhaps White could have still survived after} 29.Kh1 $1 Rg8 30.g5 ) 29...Rg8 ( {Not yet} 29...Bxg4 30.Rxf7 ) 30.Bd1 ( {In case of} 30.Rf4 {Black can now grab the pawn} 30...Rxg4 31.Rxg4 Bxg4 ) 30...Bxg4 31.Rf2 ( {Nothing changes} 31.Bxg4+ Rxg4 32.Rf2 f5 ) 31...Bxd1 ( 31...f5 $5 ) 32.Rxd1 Rg4 {The central knight deserves all the support it might be given.} 33.Rd3 Re4 34.Qh3+ {Pushing the black king into safety.} ( {The last try is} 34.Qg5 $1 Qb5 35.Rh3 ) 34...Kb7 35.Re3 ( {Last chance for} 35.Qd7 $5 {The active queen can still do a lot of damage to the opponent's position.} ) 35...f5 $1 {When everything is defended, Mamedyarov is ready to bring his pawns into motion.} 36.Kh1 ( {Nothing changes} 36.Rxe4 fxe4 37.Kh1 Nb5 ) 36...Nb5 $1 {A nice maneuver that places the knight optimally, both for the passers' support and for the defense of the king.} 37.Rxe4 fxe4 38.Rf8 Nd6 39.Qxh7 Qxb2 {All is set for the baby queens to start moving.} 40.Qg8 Qa1+ 41.Kh2 Qe5+ 42.Qg3 Qh5+ ( {Not yet} 42...Qxg3+ 43.Kxg3 d4 44.Kf2 ) 43.Kg1 ( {Whereas after} 43.Qh3 {Black would have traded} 43...Qxh3+ 44.Kxh3 d4 45.Kg3 c5 ) 43...Qd1+ ( 43...d4 $1 {at once would have deprived Black of the additional chance.} ) 44.Kh2 {Which Niemann did not use.} ( {The most resilient defense is} 44.Rf1 Qd4+ 45.Kh2 {although here too, Black should find a way to win.} ) 44...Qh5+ 45.Kg1 d4 46.Rf1 Qc5 $1 {The pawns are unstoppable, Mamedyarov confidently converts his advantage.} 47.Rb1+ Ka7 48.Qf2 Nb5 49.Ra1 Nc3 50.g4 e3 51.Qf6 Qc4 52.Qe5 e2 53.g5 d3 54.Qe3+ Kb7 55.Qf3+ Ne4 56.Rb1+ Kc6 57.Qf8 Qc5+ 0-1